Statistics for ART - General Knowledge

Click here to take the quiz!

General Stats

  • This quiz has been taken 90 times
  • The average score is 11 of 16

Answer Stats

HintAnswer% Correct
Biggest art Museum in the worldLouvre
100%
^Propably the most famous painting in thereMona Lisa
100%
^Painted byLeonardo da Vinci
100%
^And the city it is inParis
97%
First name of PicassoPablo
97%
Is famous for prints of Marilyn MonroeAndy Warhol
91%
He painted the melting clocksSalvador Dali
80%
Painted 'The Scream'Edvard Munch
80%
Painted 'The Night watch'Rembrandt
70%
Famous for painting ballet dancersEdgar Degas
67%
Painted 'the Birth of Venus'Sandro Botticelli
62%
^ City of the museumFlorence
61%
What is the subject of Hokusai's most famous woodblock printThe Great Wave off Kanagawa
47%
^ Museum where it isUffici gallery
33%
Famous for a statue of Michael Jackson and BubblesJeff Koons
18%
Architect of Guggenheim in BilbaoFrank Gehry
11%

Score Distribution

Percentile by Number Answered

Percent of People with Each Score

Your Score History

You have not taken this quiz